Sur quelques myrionemacees (Record no. 592914)

MARC details
000 -LEADER
fixed length control field 00410nam a2200157 a 4500
008 - FIXED-LENGTH DATA ELEMENTS--GENERAL INFORMATION
fixed length control field 251023s1973##################000#0#eng##
020 ## - INTERNATIONAL STANDARD BOOK NUMBER
ISBN 9783768209137
Paper back/Hardbound pbk
082 04 - DEWEY DECIMAL CLASSIFICATION NUMBER
Classification number 588
Item number SAU
100 1# - MAIN ENTRY--AUTHOR NAME
Personal name C.Sauvageau
245 10 - TITLE STATEMENT
Title Sur quelques myrionemacees
Statement of responsibility, etc C.Sauvageau
260 ## - PUBLICATION, DISTRIBUTION, ETC. (IMPRINT)
Name of publisher Lehre [Germany] : J. Cramer,
Year of publication 1973.
300 ## - PHYSICAL DESCRIPTION
Number of Pages 346 pages
650 #0 - SUBJECT ADDED ENTRY--TOPICAL TERM
Topical Term Science.
942 ## - ADDED ENTRY ELEMENTS (KOHA)
Koha item type English Books
Holdings
Withdrawn status Lost status Damaged status Not for loan Home library Current library Shelving location Date acquired Full call number Accession Number Price effective from Koha item type
        Anna Centenary Library Anna Centenary Library 5TH FLOOR, B WING 23.10.2025 588 SAU 172765 23.10.2025 English Books

Find us on the map